000 00646nam a2200217Ia 4500
005 20241129111111.0
008 241129s9999||||xx |||||||||||||| ||und||
020 _a978-1-350-18613-2
037 _aTB
040 _aCRL
_beng
_cCRL
041 _aeng
_2eng
084 _aV2:51xM91:g(Q4) R3
_qCRL
100 _aNareshwar Singh Au.
_9723309
245 0 _aAmbedkar, dalits and buddhism
_cNareshwar Singh Au.
260 _aNew Delhi, India
_bInnovation Imprint
_c2023
300 _aviii,232p.
365 _aINR
_b1749
650 _aIndian HistoryFreedom Struggle
942 _cTB
_hV2:51xM91:g(Q4) R3
999 _c1228930
_d1228930